000
00236nam a2200097Ia 4500
001
688085
005
20250826161608.0
008
250824s9999 xx 000 0 und d
245
0
_a
ROBINSON KRUZO
_c
DANIL DEFOE
260
_b
TİMAŞ YAYINLARI
999
_c
688085
_d
688085